Kluby z Premier League 24/25 - Statystyki

Ogólne statystyki
  • Ten quiz został rozwiązany 112 razy
  • Średni wynik to 12 z 20
Statystyki odpowiedzi
Odpowiedź % Poprawnych
Manchester City
93%
Manchester United
93%
Arsenal
92%
Liverpool
87%
Chelsea
84%
Aston Villa
68%
Brighton
58%
Everton
58%
West Ham
53%
Nottingham Forest
52%
Fulham
49%
Southampton
48%
Tottenham Hotspur
48%
Ipswich Town
47%
Wolverhampton
47%
Crystal Palace
46%
Leicester City
46%
Newcastle United
44%
Brentford
42%
Bournemouth
40%
Nie znaleziono quizów pasujących do podanych kryteriów
Rozkład punktacji
Procent ludzi z każdym wynikiem
Percentyl według liczby udzielonych odpowiedzi
Twoja historia wyników
Nie rozwiązałeś tego quizu